| 000 | 00365nam a2200157Ia 4500 | ||
|---|---|---|---|
| 003 | OSt | ||
| 005 | 20240222121107.0 | ||
| 008 | 170524s9999 xx 000 0 und d | ||
| 020 | _a978-0070390614 | ||
| 040 | _cIIMT UNIVERSITY | ||
| 100 | _aLUCAS- HENRY | ||
| 100 | _c2013 | ||
| 245 | 0 | _aINFORMATION TECHNOLOGY FOR MANAGEMENT | |
| 260 | _aTMH | ||
| 942 |
_2ddc _c01 |
||
| 999 |
_c2967 _d2967 |
||